Statistics for Bands That Have Had Multiple Lead Singers

Click here to take the quiz!

General Stats

  • This quiz has been taken 38 times
  • The average score is 10 of 28

Answer Stats

SingersBand% Correct
Ozzy Osbourne, Ronnie James
Dio, Ian Gillan, Glenn Hughes
Black Sabbath
94%
Peter Gabriel, Phil CollinsGenesis
91%
Bon Scott, Brian JohnsonAC/DC
85%
Syd Barrett, David GilmourPink Floyd
82%
David Lee Roth, Sammy Hagar,
Gary Cherone
Van Halen
76%
Ian Gillan, David
Coverdale, Joe Lynn Turner
Deep Purple
67%
Paul Di'Anno, Bruce Dickinson,
Blaze Bayley
Iron Maiden
61%
Layne Staley, Willian DuVallAlice in Chains
45%
Ian Curtis, Bernard SumnerJoy Division/New Order
45%
Scott Weiland, Chester BenningtonStone Temple Pilots
45%
Zack de la Rocha, Chris CornellRage Against the Machine/
Audioslave
42%
Tommy Shaw, Glen Burtnik,
Dennis DeYoung, Larry Gowan
Styx
36%
Steve Marriott, Rod StewartSmall Faces
33%
Keith Morris, Henry RollinsBlack Flag
30%
Ronnie James Dio, Joe Lynn
Turner, Doogie White
Rainbow
30%
Chuck Mosely, Mike PattonFaith No More
27%
Denny Laine, Ray Thomas,
Justin Hayward
The Moody Blues
21%
Joey Belladonna, John Bush,
Dan Nelson
Anthrax
15%
Brad Nowell, Rome RamirezSublime
15%
Kai Hansen, Michael Kiske, Andi
Deris
Helloween
9%
Adam Gontier, Matt WalstThree Days Grace
9%
Chris Barnes, George FisherCannibal Corpse
6%
Charlie Dominici, Kevin James
LaBrie
Dream Theater
6%
Frank Carter, Wade MacNeilGallows
6%
Johan Liiva, Angela Gossow,
Alissa White-Gluz
Arch Enemy
3%
Nick Bullen, Lee Dorian,
Barney Greenway
Napalm Death
3%
Mike McColgan, Al Barr, Ken
Casey
Dropkick Murphys
0%
Matthew Barlow, Tim "Ripper"
Owens
Iced Earth
0%

Score Distribution

Percentile by Number Answered

Percent of People with Each Score

Your Score History

You have not taken this quiz